<?xml version="1.0" encoding="UTF-8"?>
<record
    xmlns:xsi="http://www.w3.org/2001/XMLSchema-instance"
    xsi:schemaLocation="http://www.loc.gov/MARC21/slim http://www.loc.gov/standards/marcxml/schema/MARC21slim.xsd"
    xmlns="http://www.loc.gov/MARC21/slim">

  <leader>03222nam a2200397 a 4500</leader>
  <controlfield tag="001">0000295</controlfield>
  <controlfield tag="003">DO-SdBNP</controlfield>
  <controlfield tag="005">20180312112242.0</controlfield>
  <controlfield tag="007">0000295</controlfield>
  <controlfield tag="008">150130s2014    dr ac         000 0 spa d</controlfield>
  <datafield tag="020" ind1=" " ind2=" ">
    <subfield code="a">9789945119077 (v. 1)</subfield>
  </datafield>
  <datafield tag="020" ind1=" " ind2=" ">
    <subfield code="a">9789945119046 (v. 2)</subfield>
  </datafield>
  <datafield tag="020" ind1=" " ind2=" ">
    <subfield code="a">9789945119015 (v. 3)</subfield>
  </datafield>
  <datafield tag="040" ind1=" " ind2=" ">
    <subfield code="a">BPMSU</subfield>
    <subfield code="b">spa</subfield>
    <subfield code="c">BPMSU</subfield>
  </datafield>
  <datafield tag="092" ind1=" " ind2=" ">
    <subfield code="a">372.83</subfield>
    <subfield code="b">C355c     3ro.       2014</subfield>
  </datafield>
  <datafield tag="100" ind1="1" ind2=" ">
    <subfield code="a">Ramos Santos, Henry</subfield>
  </datafield>
  <datafield tag="245" ind1="1" ind2="0">
    <subfield code="a">Ciencias sociales 3 :</subfield>
    <subfield code="b">educaci&#xF3;n primaria /</subfield>
    <subfield code="c">Henry Ramos Santos ; direcci&#xF3;n editorial Claudia Llibre ; ilustraci&#xF3;n Ruddy N&#xFA;&#xF1;ez</subfield>
  </datafield>
  <datafield tag="260" ind1=" " ind2=" ">
    <subfield code="a">Santo Domingo :</subfield>
    <subfield code="b">Santillana,</subfield>
    <subfield code="c">2014.</subfield>
  </datafield>
  <datafield tag="300" ind1=" " ind2=" ">
    <subfield code="a"> v. : </subfield>
    <subfield code="b">il., retrs., mapas ; </subfield>
    <subfield code="c">29 cm.+</subfield>
    <subfield code="e">CD-ROM</subfield>
  </datafield>
  <datafield tag="490" ind1="1" ind2=" ">
    <subfield code="a">Proyecto todos juntos</subfield>
  </datafield>
  <datafield tag="505" ind1="0" ind2=" ">
    <subfield code="g">v. 1 :</subfield>
    <subfield code="g">Bloque 1 --</subfield>
    <subfield code="t">Nuestra identidad /</subfield>
    <subfield code="t">&#xBF;De d&#xF3;nde venimos? --</subfield>
    <subfield code="t">Mi comunidad --</subfield>
    <subfield code="g">Bloque 2 --</subfield>
    <subfield code="t">Nuestro entorno /</subfield>
    <subfield code="t">La tierra y el universo --</subfield>
    <subfield code="t">Nuestro medio --</subfield>
    <subfield code="t">Nuestro pa&#xED;s --</subfield>
    <subfield code="t">Nuestras actividades --</subfield>
    <subfield code="g">Bloque 3 -- </subfield>
    <subfield code="t">Nuestra sociedad /</subfield>
    <subfield code="t">Normas de convivencia --</subfield>
    <subfield code="t">El estado dominicano --</subfield>
    <subfield code="g">Proyecto del bloque 1--</subfield>
    <subfield code="t">El &#xE1;lbum familiar /</subfield>
    <subfield code="t">Competencia comunicativa; construye un &#xE1;rbol geneal&#xF3;gico --</subfield>
    <subfield code="t">Competencia &#xE9;tica y ciudadana; construye un folleto tur&#xED;stico de tu comunidad --</subfield>
    <subfield code="g">Proyecto del bloque 2 --</subfield>
    <subfield code="t">El trabajo de los agricultores /</subfield>
    <subfield code="t">Competencia comunicativa; el ciclo lunar --</subfield>
    <subfield code="t">Competencia &#xE9;tica y ciudadana ; dise&#xF1;o de un cartel de ahorro de agua --</subfield>
    <subfield code="t">Competencia &#xE9;tica y ciudadana ; aspectos f&#xED;sicos y humanos de las regiones --</subfield>
    <subfield code="t">Competencia ambiental y de la salud; decido qu&#xE9; quiero ser cuando sea mayor --</subfield>
    <subfield code="g">Proyecto del bloque 3 --</subfield>
    <subfield code="t">Hacer un mapa mural de las autoridades de mi pa&#xED;s /</subfield>
    <subfield code="t">Competencia &#xE9;tica y ciudadana ; las responsabilidades --</subfield>
    <subfield code="t">Competencia &#xE9;tica y ciudadana ; identifico las autoridades del pa&#xED;s y de mi comunidad /</subfield>
    <subfield code="r">Eric Castro --</subfield>
    <subfield code="r">Henry Ramos /</subfield>
  </datafield>
  <datafield tag="505" ind1="0" ind2=" ">
    <subfield code="g">v. 2 : </subfield>
    <subfield code="t">Un proyecto bien fundamentado --</subfield>
    <subfield code="t">Las claves del proyecto --</subfield>
    <subfield code="t">El proyecto todos juntos en el nuevo sistema curricular --</subfield>
    <subfield code="t">Los instrumentos del nuevo sistema curricular --</subfield>
    <subfield code="t">Las competencias e indicadores de logro para las ciencias sociales en el segundo curso del nivel primario --</subfield>
    <subfield code="t">Secuencia de contenidos del primer ciclo del nivel primario --</subfield>
    <subfield code="t">Materiales para el estudiante --</subfield>
    <subfield code="t">Materiales para el docente --</subfield>
    <subfield code="t">El libro de texto del alumno --</subfield>
    <subfield code="t">Los proyectos de investigaci&#xF3;n --</subfield>
    <subfield code="t">El cuaderno de fichas de actividades --</subfield>
    <subfield code="t">La gu&#xED;a did&#xE1;ctica --</subfield>
    <subfield code="t">El libromedia --</subfield>
    <subfield code="t">Mapa de contenidos /</subfield>
    <subfield code="r">Henry Ramos Santos </subfield>
  </datafield>
  <datafield tag="505" ind1="0" ind2=" ">
    <subfield code="g">v. 3</subfield>
    <subfield code="t">La familia dominicana --</subfield>
    <subfield code="t">Mi comunidad --</subfield>
    <subfield code="t">La tierra y el universo --</subfield>
    <subfield code="t">Nuestro medio --</subfield>
    <subfield code="t">Nuestro pa&#xED;s --</subfield>
    <subfield code="t">Nuestras actividades --</subfield>
    <subfield code="t">Normas de convivencia --</subfield>
    <subfield code="t">El estado dominicano /</subfield>
    <subfield code="r">Henry Ramos --</subfield>
  </datafield>
  <datafield tag="650" ind1=" " ind2="4">
    <subfield code="a">CIENCIAS SOCIALES</subfield>
    <subfield code="x">ENSE&#xD1;ANZA B&#xC1;SICA</subfield>
  </datafield>
  <datafield tag="650" ind1=" " ind2="4">
    <subfield code="a">CIENCIAS SOCIALES</subfield>
    <subfield code="x">EDUCACI&#xD3;N PRIMARIA</subfield>
  </datafield>
  <datafield tag="650" ind1=" " ind2="4">
    <subfield code="a">EDUCACI&#xD3;N PRIMARIA</subfield>
    <subfield code="z">REP&#xDA;BLICA DOMINICANA</subfield>
  </datafield>
  <datafield tag="650" ind1=" " ind2="4">
    <subfield code="a">CIENCIAS SOCIALES</subfield>
    <subfield code="x">LIBROS DE TEXTOS</subfield>
  </datafield>
  <datafield tag="650" ind1=" " ind2="4">
    <subfield code="a">CIENCIAS SOCIALES</subfield>
    <subfield code="x">ESTUDIOS Y EJERCICIOS</subfield>
  </datafield>
  <datafield tag="700" ind1="1" ind2="2">
    <subfield code="a">Llibre, Claudia</subfield>
    <subfield code="e">ed.</subfield>
  </datafield>
  <datafield tag="700" ind1="1" ind2="2">
    <subfield code="a">Nu&#xF1;ez, Ruddy</subfield>
    <subfield code="e">il.</subfield>
  </datafield>
  <datafield tag="830" ind1=" " ind2="0">
    <subfield code="a">Proyecto todos juntos</subfield>
  </datafield>
  <datafield tag="910" ind1=" " ind2=" ">
    <subfield code="a">Validado. Control de calidad MFF</subfield>
  </datafield>
  <datafield tag="942" ind1=" " ind2=" ">
    <subfield code="2">ddc</subfield>
    <subfield code="c">BK</subfield>
  </datafield>
  <datafield tag="945" ind1=" " ind2=" ">
    <subfield code="a">Remanejada para la BNPHU  2018 / BT</subfield>
  </datafield>
  <datafield tag="952" ind1=" " ind2=" ">
    <subfield code="0">0</subfield>
    <subfield code="1">0</subfield>
    <subfield code="2">ddc</subfield>
    <subfield code="4">0</subfield>
    <subfield code="7">0</subfield>
    <subfield code="a">BPMET</subfield>
    <subfield code="b">BPMET</subfield>
    <subfield code="d">2016-04-15</subfield>
    <subfield code="e">Donaci&#xF3;n</subfield>
    <subfield code="l">0</subfield>
    <subfield code="o">372.83    C355c   3ro.   2014    v.1</subfield>
    <subfield code="p">BPMSU16040491</subfield>
    <subfield code="r">2016-04-15</subfield>
    <subfield code="w">2016-04-15</subfield>
    <subfield code="y">BK</subfield>
  </datafield>
  <datafield tag="952" ind1=" " ind2=" ">
    <subfield code="0">0</subfield>
    <subfield code="1">0</subfield>
    <subfield code="2">ddc</subfield>
    <subfield code="4">0</subfield>
    <subfield code="7">0</subfield>
    <subfield code="8">ESC</subfield>
    <subfield code="a">BPMET</subfield>
    <subfield code="b">BPMET</subfield>
    <subfield code="d">2016-04-15</subfield>
    <subfield code="e">Donaci&#xF3;n</subfield>
    <subfield code="l">0</subfield>
    <subfield code="o">372.83    C355c   3ro.   2014    v.1</subfield>
    <subfield code="p">BPMSU16040492</subfield>
    <subfield code="r">2016-04-15</subfield>
    <subfield code="t">ej. 2</subfield>
    <subfield code="w">2016-04-15</subfield>
    <subfield code="y">BK</subfield>
  </datafield>
  <datafield tag="952" ind1=" " ind2=" ">
    <subfield code="0">0</subfield>
    <subfield code="1">0</subfield>
    <subfield code="2">ddc</subfield>
    <subfield code="4">0</subfield>
    <subfield code="7">0</subfield>
    <subfield code="8">ESC</subfield>
    <subfield code="a">BPMET</subfield>
    <subfield code="b">BPMET</subfield>
    <subfield code="d">2016-04-15</subfield>
    <subfield code="e">Donaci&#xF3;n</subfield>
    <subfield code="l">0</subfield>
    <subfield code="o">372.83    C355c   3ro.   2014      v.2  Gu&#xED;a</subfield>
    <subfield code="p">BPMSU16040493</subfield>
    <subfield code="r">2016-04-15</subfield>
    <subfield code="w">2016-04-15</subfield>
    <subfield code="y">BK</subfield>
  </datafield>
  <datafield tag="952" ind1=" " ind2=" ">
    <subfield code="0">0</subfield>
    <subfield code="1">0</subfield>
    <subfield code="2">ddc</subfield>
    <subfield code="4">0</subfield>
    <subfield code="7">0</subfield>
    <subfield code="8">ESC</subfield>
    <subfield code="a">BPMET</subfield>
    <subfield code="b">BPMET</subfield>
    <subfield code="d">2016-04-15</subfield>
    <subfield code="e">Donaci&#xF3;n</subfield>
    <subfield code="l">0</subfield>
    <subfield code="o">372.83    C355c   3ro.   2014      v.2   Gu&#xED;a</subfield>
    <subfield code="p">BPMSU16040494</subfield>
    <subfield code="r">2016-04-15</subfield>
    <subfield code="t">ej. 2</subfield>
    <subfield code="w">2016-04-15</subfield>
    <subfield code="y">BK</subfield>
  </datafield>
  <datafield tag="952" ind1=" " ind2=" ">
    <subfield code="0">0</subfield>
    <subfield code="1">0</subfield>
    <subfield code="2">ddc</subfield>
    <subfield code="4">0</subfield>
    <subfield code="7">0</subfield>
    <subfield code="8">ESC</subfield>
    <subfield code="a">BPMET</subfield>
    <subfield code="b">BPMET</subfield>
    <subfield code="d">2016-04-15</subfield>
    <subfield code="e">Donaci&#xF3;n</subfield>
    <subfield code="l">0</subfield>
    <subfield code="o">372.83    C355c   3ro.   2014       v.3  Cuaderno</subfield>
    <subfield code="p">BPMSU6040495</subfield>
    <subfield code="r">2016-04-15</subfield>
    <subfield code="w">2016-04-15</subfield>
    <subfield code="y">BK</subfield>
  </datafield>
  <datafield tag="952" ind1=" " ind2=" ">
    <subfield code="0">0</subfield>
    <subfield code="1">0</subfield>
    <subfield code="2">ddc</subfield>
    <subfield code="4">0</subfield>
    <subfield code="7">0</subfield>
    <subfield code="8">ESC</subfield>
    <subfield code="a">BPMET</subfield>
    <subfield code="b">BPMET</subfield>
    <subfield code="d">2016-04-15</subfield>
    <subfield code="e">Donaci&#xF3;n</subfield>
    <subfield code="l">0</subfield>
    <subfield code="o">372.83    C355c   3ro.   2014    v.3 Cuaderno</subfield>
    <subfield code="p">BPMSU16040495</subfield>
    <subfield code="r">2016-04-15</subfield>
    <subfield code="t">ej. 2</subfield>
    <subfield code="w">2016-04-15</subfield>
    <subfield code="y">BK</subfield>
  </datafield>
  <datafield tag="956" ind1=" " ind2=" ">
    <subfield code="a">YLOCKWARD</subfield>
    <subfield code="b">10</subfield>
  </datafield>
  <datafield tag="999" ind1=" " ind2=" ">
    <subfield code="c">9799</subfield>
    <subfield code="d">9799</subfield>
  </datafield>
</record>
